[Event "AUTO-OPEN-1025"]
[Site "http://www.queenalice.com/game.php?id=415914"]
[Date "2008.6.11"]
[Round "2"]
[White "PaulB42"]
[Black "jmsteinfeld"]
[Result "1-0"]
[WhiteElo "1700"]
[BlackElo "1786"]

1. e4 Nc6 2. d4 d5 3. exd5 Qxd5 4. Nc3 Qxd4 5. Qf3 Nb4 6. Bd3 Nxd3+ 7. cxd3 e6
8. Nge2 Qf6 9. Bf4 Bb4 10. a3 Bxc3+ 11. Nxc3 Ne7 12. O-O c6 13. Ne4 Qxb2 14.
Nd6+ Kd7 15. Nxf7 Rf8 16. Ne5+ Ke8 17. Nc4 Qd4 18. g3 h6 19. Qh5+ Kd8 20. Rad1
Bd7 21. Nd6 e5 22. Bxe5 Qd5 23. Nxb7+ Kc8 24. Nd6+ Kd8 25. Rfe1 Rb8 26. Qh4 Qe6
27. Bxg7 Qxd6 28. Bxf8 1-0

[Event "AUTO-OPEN-1165"]
[Site "http://www.queenalice.com/game.php?id=419235"]
[Date "2008.6.17"]
[Round "1"]
[White "PaulB42"]
[Black "MarceloPadre"]
[Result "0-1"]
[WhiteElo "1714"]
[BlackElo "1567"]

1. e4 c6 2. Nc3 d5 3. Qf3 dxe4 4. Nxe4 e5 5. b3 f5 6. Ng3 e4 7. Qe3 Nf6 8. Bb2
g6 9. O-O-O Bg7 10. Bc4 b5 11. Be2 Nd5 12. Qc5 Bxb2+ 13. Kxb2 Qf6+ 14. d4 exd3+
15. Kc1 dxe2 16. N1xe2 Nd7 17. Qc3 Nxc3 0-1

[Event "AUTO-OPEN-1165"]
[Site "http://www.queenalice.com/game.php?id=419236"]
[Date "2008.6.17"]
[Round "1"]
[White "MarceloPadre"]
[Black "PaulB42"]
[Result "1-0"]
[WhiteElo "1489"]
[BlackElo "1714"]

1. e4 e5 2. Nf3 Nc6 3. Bb5 a6 4. Ba4 b5 5. Bb3 Bb7 6. O-O Na5 7. Nxe5 Bxe4 8.
Nxf7 Qe7 9. Nxh8 Nxb3 10. axb3 Qg5 11. f3 Bf5 12. d4 Qf6 13. Qe2+ Be7 14. Nc3
O-O-O 15. Nxb5 g6 16. Nf7 Qxf7 17. Na7+ Kb7 18. Qxa6+ Kb8 19. Nc6+ dxc6 20. Qa8#
1-0

[Event "Challenge"]
[Site "http://www.queenalice.com/game.php?id=444654"]
[Date "2008.8.6"]
[Round "-"]
[White "tuninglou"]
[Black "PaulB42"]
[Result "0-1"]
[WhiteElo "1732"]
[BlackElo "1694"]

1. Nc3 c5 2. b3 d6 3. Bb2 e5 4. e4 Ne7 5. Bc4 f5 6. f3 g6 7. Nge2 Bg7 8. Nd5 O-O
9. Nxe7+ Kh8 10. Nxc8 Qxc8 11. Bd5 Nd7 12. O-O f4 13. Nc3 a6 14. Qe2 Nf6 15. Qc4
b5 16. Qd3 c4 17. bxc4 bxc4 18. Bxc4 Qc5+ 19. Rf2 Rab8 20. h3 Rxb2 21. Na4 Qb4
22. Nxb2 Qxb2 23. Raf1 Qb6 24. Bxa6 Nh5 25. c3 Ra8 26. Bc4 Bf6 27. Qd5 Rf8 28.
Re1 Bh4 29. Re2 Bxf2+ 30. Rxf2 Ng3 31. Qb5 Qxb5 32. Bxb5 Rb8 33. a4 h5 34. d3 h4
35. d4 Rc8 36. c4 exd4 37. Rd2 g5 38. Rxd4 Ne2+ 0-1

[Event "AUTO-OPEN-1025"]
[Site "http://www.queenalice.com/game.php?id=460123"]
[Date "2008.9.8"]
[Round "3"]
[White "jmsteinfeld"]
[Black "PaulB42"]
[Result "1-0"]
[WhiteElo "1648"]
[BlackElo "1755"]

1. e4 e5 2. Bc4 Nf6 3. d3 Nc6 4. Bg5 Bc5 5. Bxf6 Qxf6 6. Qf3 Nd4 7. Qxf6 gxf6 8.
Bb3 d6 9. c3 Nxb3 10. axb3 b6 11. Nf3 Ba6 12. c4 Bb4+ 13. Nbd2 Rg8 14. g3 O-O-O
15. Ke2 Ba5 16. Ra4 c5 17. Rha1 Kb7 18. h4 h5 19. Ke3 Rd7 20. Ne1 Re8 21. f4 Rg8
22. Nf1 exf4+ 23. Kxf4 Kb8 24. Nc2 Bc8 25. Nce3 Re7 26. Nf5 Bxf5 27. Kxf5 Rg6
28. Kf4 Re5 29. Ne3 Bd2 30. Rxa7 Ba5 31. Rxf7 Bd2 32. Raa7 Bxe3+ 33. Kxe3 Rxg3+
34. Kd2 Re8 35. Rab7+ Kc8 36. Rxb6 1-0

[Event "AUTO-OPEN-1025"]
[Site "http://www.queenalice.com/game.php?id=460124"]
[Date "2008.9.8"]
[Round "3"]
[White "PaulB42"]
[Black "jmsteinfeld"]
[Result "1-0"]
[WhiteElo "1741"]
[BlackElo "1683"]

1. e4 d5 2. Nc3 dxe4 3. Nxe4 Nf6 4. Qf3 Nxe4 5. Qxe4 Nc6 6. Bb5 Bd7 7. d3 e5 8.
Nf3 Bd6 9. d4 O-O 10. Bd3 g6 11. dxe5 Bxe5 12. Nxe5 Nxe5 13. O-O Nxd3 14. cxd3
Bf5 15. Qxb7 Bxd3 16. Rd1 c5 17. b3 Qd4 18. Be3 Qe4 19. Qxe4 Bxe4 20. Bxc5 Rfd8
21. Re1 f5 22. b4 a6 23. f3 Bc6 24. Rac1 Rd2 25. Be3 Rd6 26. Bf4 Rf6 27. Bg5 Rd6
28. Be7 Rd7 29. Rxc6 Re8 30. Bh4 Rxe1+ 31. Bxe1 Ra7 32. Rc8+ Kg7 33. Bf2 Rd7 34.
g3 Rd1+ 35. Kg2 Rd2 36. Kf1 Rxa2 37. Bd4+ Kh6 38. Be3+ Kg7 39. h4 h5 40. Bd4+
Kf7 41. Rc6 Rb2 42. Rf6+ 1-0

[Event "AUTO-OPEN-1025"]
[Site "http://www.queenalice.com/game.php?id=460127"]
[Date "2008.9.8"]
[Round "3"]
[White "PaulB42"]
[Black "BiraFehera"]
[Result "0-1"]
[WhiteElo "1699"]
[BlackElo "1973"]

1. e4 c5 2. Nf3 Nc6 3. g3 g6 4. Bg2 Bg7 5. c3 e6 6. O-O Nge7 7. d3 O-O 8. d4
cxd4 9. Nxd4 f5 10. f4 fxe4 11. Bxe4 Qb6 12. Be3 Qxb2 13. Qc2 Qxc2 14. Nxc2 d5
15. Bd3 a5 16. Nd2 Bxc3 17. Rad1 d4 18. Bf2 e5 19. Rfe1 Bg4 20. Be2 Bxe2 21.
Rxe2 d3 0-1

[Event "AUTO-OPEN-1025"]
[Site "http://www.queenalice.com/game.php?id=460128"]
[Date "2008.9.8"]
[Round "3"]
[White "BiraFehera"]
[Black "PaulB42"]
[Result "1-0"]
[WhiteElo "1960"]
[BlackElo "1705"]

1. c4 c5 2. Nc3 Nc6 3. g3 g6 4. Bg2 Bg7 5. e3 e6 6. Nge2 Nge7 7. O-O O-O 8. b3
Qc7 9. Bb2 b6 10. Nb5 Qb7 11. d4 Nf5 12. Qd2 a6 13. d5 Bxb2 14. dxc6 dxc6 15.
Qxb2 axb5 16. cxb5 Ne7 17. Rfd1 Ra5 18. bxc6 Nxc6 19. Rd6 Bd7 20. Rad1 Rd8 21.
Bxc6 1-0

[Event "KOQA CUP "]
[Site "http://www.queenalice.com/game.php?id=461817"]
[Date "2008.9.11"]
[Round "5"]
[White "PaulB42"]
[Black "piemme"]
[Result "1-0"]
[WhiteElo "1684"]
[BlackElo "1846"]

1. e4 e5 2. Nf3 d6 3. d3 Nf6 4. g3 Bg4 5. Bg2 c5 6. c3 Be7 7. h3 Bxf3 8. Qxf3 b6
9. d4 a5 10. Bg5 Nbd7 11. Bxf6 Bxf6 12. Nd2 O-O 13. O-O Bg5 14. Rad1 exd4 15.
cxd4 cxd4 16. Nc4 Qf6 17. Qg4 Ne5 18. Qe2 Rac8 19. Nxb6 Rb8 20. Nd5 Qd8 21. Rxd4
Nc6 22. Rdd1 Bf6 23. Nxf6+ Qxf6 24. e5 Nxe5 25. f4 Ng6 26. f5 Ne7 27. Be4 Rxb2
28. Rd2 Rb6 29. Rfd1 Nxf5 30. Bxf5 Qxf5 31. g4 Qg5 32. Rd5 Qd8 33. Rxa5 Re8 34.
Qg2 Rc6 35. Qxc6 Qxa5 36. Qxe8# 1-0

[Event "Challenge"]
[Site "http://www.queenalice.com/game.php?id=462785"]
[Date "2008.9.13"]
[Round "-"]
[White "PaulB42"]
[Black "pierjean"]
[Result "1-0"]
[WhiteElo "1705"]
[BlackElo "1442"]

1. e4 c5 2. Nf3 Nf6 3. Bd3 d6 4. Nc3 a6 5. b3 g6 6. Bb2 b5 7. Nd5 Nbd7 8. Qe2
Bg7 9. O-O O-O 10. c4 Nb6 11. Nxf6+ Bxf6 12. Bxf6 exf6 13. cxb5 Bg4 14. h3 Bxf3
15. Qxf3 Nd7 16. bxa6 Ne5 17. Qe3 Qb6 18. f4 Nxd3 19. Qxd3 c4+ 20. Qe3 Qxe3+ 21.
dxe3 Rxa6 22. bxc4 Ra5 23. Rfd1 Rd8 24. e5 d5 25. exf6 h6 26. e4 d4 27. Rd3 Rd6
28. e5 Rd8 29. a3 g5 30. f5 Kh7 31. Rb1 Kg8 32. Re1 Kh7 33. e6 Kg8 34. e7 Re8
35. Rxd4 Rc5 36. Rd8 Rc8 37. Red1 Ra8 38. Rxa8 Rxa8 39. Rd8+ 1-0

[Event "For old time sake"]
[Site "http://www.queenalice.com/game.php?id=475238"]
[Date "2008.10.9"]
[Round "-"]
[White "PaulB42"]
[Black "Reddaz"]
[Result "0-1"]
[WhiteElo "1712"]
[BlackElo "1932"]

1. e4 c5 2. Nf3 d6 3. d3 Nc6 4. g3 g6 5. Bg2 Bg7 6. O-O e6 7. Nbd2 Nge7 8. Re1
O-O 9. c3 b5 10. Qb3 Rb8 11. Qa3 a5 12. d4 b4 13. cxb4 Nxb4 14. Qd3 Nbc6 15. Qa3
Nb4 16. Qb3 Ba6 17. Nc4 Nec6 18. a3 Nd5 19. Qc2 Nf6 20. dxc5 dxc5 21. Be3 Nd4
22. Rad1 Nxc2 23. Rxd8 Rfxd8 24. Rc1 Bxc4 25. Bxc5 Nxe4 26. h4 Rxb2 27. Ne1 Nxe1
28. Rxe1 Nxc5 0-1

[Event "AUTO-OPEN-1318"]
[Site "http://www.queenalice.com/game.php?id=484446"]
[Date "2008.10.28"]
[Round "1"]
[White "lifelessons"]
[Black "PaulB42"]
[Result "0-1"]
[WhiteElo "1788"]
[BlackElo "1722"]

1. c4 c6 2. Nc3 e6 3. d3 Qf6 4. Nf3 Bb4 5. Bd2 h6 6. a3 Bd6 7. Ne4 Qe7 8. b4 a5
9. c5 Bc7 10. Bc3 f6 11. Nfd2 a4 12. Nc4 f5 13. Ned6+ Bxd6 14. Nxd6+ Kd8 15. Qd2
Nf6 16. b5 b6 17. d4 cxb5 18. e3 Ne4 19. Nxe4 fxe4 20. Bxb5 Rf8 21. O-O Ba6 22.
Bxa6 Rxa6 23. cxb6 Nc6 24. d5 exd5 25. b7 Qd6 26. Rfb1 Rf5 27. Qe2 Nb8 28. Qb5
Rh5 29. Rc1 Qxh2+ 30. Kf1 d4 31. Ba5+ Ke7 32. Bb4+ Kf6 33. Qc4 d3 34. Ke1 Qxg2
35. Qd4+ Kg6 36. Rc8 Rh1+ 37. Kd2 Qxf2+ 38. Kc3 Qc2# 0-1

[Event "AUTO-OPEN-1318"]
[Site "http://www.queenalice.com/game.php?id=484447"]
[Date "2008.10.28"]
[Round "1"]
[White "PaulB42"]
[Black "lifelessons"]
[Result "0-1"]
[WhiteElo "1706"]
[BlackElo "1693"]

1. e4 e5 2. Nf3 Nc6 3. Nc3 Nf6 4. Bc4 Nxe4 5. Nxe4 d5 6. Bxd5 Qxd5 7. Nc3 Qc4 8.
d3 Qe6 9. O-O Bd6 10. Ng5 Qg6 11. Be3 O-O 12. Nd5 f5 13. c3 f4 14. Qb3 Kh8 15.
Bd2 Qxg5 16. g3 Qg6 17. c4 Bh3 18. Rfe1 fxg3 19. hxg3 Nd4 20. Qxb7 Nf3+ 21. Kh1
Nxd2 22. Re3 Qh5 0-1

[Event "AUTO-OPEN-1318"]
[Site "http://www.queenalice.com/game.php?id=484472"]
[Date "2008.10.28"]
[Round "1"]
[White "Drifter"]
[Black "PaulB42"]
[Result "1-0"]
[WhiteElo "1701"]
[BlackElo "1700"]

1. e4 e5 2. Nf3 Nc6 3. Bc4 Bc5 4. Nc3 Nf6 5. O-O O-O 6. d3 Nd4 7. Nxe5 d5 8.
exd5 Qd6 9. Bf4 Nh5 10. Qd2 Nxf4 11. Qxf4 Bb4 12. Qxd4 1-0

[Event "AUTO-OPEN-1318"]
[Site "http://www.queenalice.com/game.php?id=484473"]
[Date "2008.10.28"]
[Round "1"]
[White "PaulB42"]
[Black "Drifter"]
[Result "1-0"]
[WhiteElo "1706"]
[BlackElo "1700"]

1. e4 e5 2. Nf3 Nc6 3. Bc4 Nf6 4. d3 Bc5 5. b3 O-O 6. Ng5 d5 7. exd5 Na5 8. Qe2
Qe7 9. Bb2 Ng4 10. O-O Qxg5 11. Bc3 Nxc4 12. bxc4 Re8 13. d4 Bxd4 14. Bxd4 Bd7
15. Be3 Qg6 16. h3 Nf6 17. Nc3 a6 18. Rab1 Bxh3 19. Qf3 e4 20. Qxh3 b6 21. c5 b5
22. c6 Re5 23. Bf4 Rh5 24. Qe3 Nxd5 25. Nxd5 Rxd5 26. Bxc7 Qxc6 27. Qxe4 Re8 28.
Qf3 Re7 29. Rbd1 Red7 30. Rfe1 f6 31. Qe4 Rxd1 32. Qe8# 1-0

[Event "AUTO-OPEN-1318"]
[Site "http://www.queenalice.com/game.php?id=484490"]
[Date "2008.10.28"]
[Round "1"]
[White "PaulB42"]
[Black "aureliano"]
[Result "1-0"]
[WhiteElo "1688"]
[BlackElo "1585"]

1. e4 e5 2. Nf3 Qf6 3. Nc3 Bc5 4. Nd5 Qd6 5. b4 Bxb4 6. c3 Ba5 7. Bc4 Nh6 8. Bb2
c6 9. Ne3 b5 10. Bb3 Na6 11. Nf5 Qd3 12. Bc2 Qc4 13. Nd6+ Ke7 14. Nxc4 bxc4 15.
Nxe5 f6 16. Nxc4 Re8 17. Nxa5 Kf8 18. Ba3+ Kg8 19. Qh5 Re5 20. Qe2 Rxa5 21. Bd6
Bb7 22. e5 Nf7 23. Qc4 Re8 24. Qe4 g6 25. Bb3 f5 26. Qc4 Rd5 27. O-O Nxd6 28.
Qh4 Ne4 29. Bxd5+ cxd5 30. d3 Nxc3 31. f4 d4 32. Qf2 Rc8 33. h4 h5 34. Qb2 Nc5
35. Qb4 Bd5 36. Rae1 Nxd3 37. Qxd4 Be4 38. Qxd7 Ra8 39. e6 Nc5 40. Qf7+ Kh8 41.
Qxg6 Re8 42. Qxe8+ Kh7 43. Qe7+ Kg6 44. Qg5+ Kh7 45. Qxh5+ Kg7 46. Qf7+ Kh6 47.
Qf8+ Kg6 48. Qxc5 Nxa2 49. Qxa7 Nb4 50. g4 Nc6 51. Qf7+ Kh6 52. g5# 1-0

[Event "AUTO-OPEN-1318"]
[Site "http://www.queenalice.com/game.php?id=484491"]
[Date "2008.10.28"]
[Round "1"]
[White "aureliano"]
[Black "PaulB42"]
[Result "1-0"]
[WhiteElo "1567"]
[BlackElo "1710"]

1. d4 Nf6 2. Qd3 c6 3. Nf3 b5 4. e4 g6 5. e5 Nd5 6. Qe4 f5 7. Qh4 d6 8. exd6 h5
9. Ne5 Qxd6 10. Nc3 b4 11. Na4 Bg7 12. f4 Bf6 13. Qg3 h4 14. Qxg6+ Kd8 15. Nf7+
Kd7 16. Nc5+ Kc7 17. Nxd6 Kxd6 18. Qf7 Bxd4 19. Nd3 Na6 20. c4 1-0

[Event "Challenge"]
[Site "http://www.queenalice.com/game.php?id=503500"]
[Date "2008.12.5"]
[Round "-"]
[White "ORNELAS"]
[Black "PaulB42"]
[Result "1-0"]
[WhiteElo "1655"]
[BlackElo "1735"]

1. e4 e5 2. Bc4 Nf6 3. d3 Bc5 4. Nf3 Nc6 5. Ng5 O-O 6. Bxf7+ Rxf7 7. Nxf7 Kxf7
8. Bg5 Qg8 9. Bxf6 gxf6 10. O-O d6 11. Qh5+ Ke7 12. Nc3 Be6 13. Nb5 Kd8 14. Qh6
Qf7 15. c3 a6 16. Nxc7 Kxc7 17. b4 Bb6 18. a3 a5 19. b5 Ne7 20. c4 Bd4 21. Rab1
b6 22. a4 Rg8 23. g3 Rg6 24. Qd2 f5 25. Rbe1 f4 26. Kh1 fxg3 27. fxg3 Rf6 28.
Rxf6 Qxf6 29. Qg2 Bh3 30. Qxh3 Qf3+ 31. Qg2 Qxd3 32. Qe2 Qa3 33. Rf1 Qxa4 34.
Rf7 Kd7 35. Qg4+ Ke8 36. Qe6 Qd1+ 37. Kg2 Qd2+ 38. Kh3 Qg5 39. Rxh7 1-0

[Event "Challenge"]
[Site "http://www.queenalice.com/game.php?id=797903"]
[Date "2010.7.2"]
[Round "-"]
[White "PaulB42"]
[Black "vindaloo"]
[Result "0-1"]
[WhiteElo "1716"]
[BlackElo "1879"]

1. e4 c5 2. Nf3 e6 3. d3 d5 4. e5 Nc6 5. c3 g6 6. Bg5 Qc7 7. Qa4 Bg7 8. Bf6 Nxf6
9. exf6 Bxf6 10. Nbd2 O-O 11. Nb3 Ne7 12. Qa3 b6 13. g3 Bb7 14. Bg2 e5 15. O-O
Nc8 16. Nfd2 Nd6 17. c4 d4 18. Bxb7 Qxb7 19. Nc1 Bg5 20. Ne4 Nxe4 21. dxe4 Qxe4
22. f3 Qc6 23. Nd3 Be3+ 24. Nf2 Qxf3 25. Qd3 Bxf2+ 26. Rxf2 Qxd3 0-1